000 00502nam a2200169Ia 4500
999 _c30105
_d30105
003 OSt
005 20201223095812.0
008 190216s9999||||xx |||||||||||||| ||und||
040 _coclc
082 _a894.8128
_bSAT/S
100 _aSatchidanandan, K
_96203
245 0 _aSahithyavum Prathirodhavum /
_cK Satchidanandan
260 _bPratheeksha Publications,
_c2013.
_aKozhikode:
300 _a207p
650 _aMalayalam
942 _cBK
_2ddc
_h894.8128
_iSAT/S
_k894.8128
_mSAT/S